|
|
|
|
| LEADER |
00000nab a2200000 a 4500 |
| 001 |
vtls000506719 |
| 003 |
SK-MaSNL |
| 005 |
20260303191143.0 |
| 008 |
160205c1992 xo 0 slo |
| 015 |
|
|
|a SNBRA19rr/mm-uuuuu
|
| 035 |
|
|
|a CL0506857
|
| 040 |
|
|
|a SNKBUCL
|b slo
|c SNKBUCL
|e AACR2
|
| 041 |
0 |
|
|a slo
|
| 044 |
|
|
|a xo
|c SK
|
| 080 |
|
|
|a 82.033:885.4-2
|2 1981
|
| 080 |
|
|
|a 885.4-2.033
|2 1981
|
| 080 |
|
|
|a 82(091):885.4"19"
|2 1981
|
| 100 |
1 |
|
|a Žilková, Marta,
|d 1942-
|4 aut
|9 88073
|
| 245 |
1 |
0 |
|a Rozhlasová hra na prelome 90. rokov
|b P. Karvaš: Nočná návšteva
|c Marta Žilková
|
| 300 |
|
|
|b Res. angl., nem., lit. 12 zázn. v češ., slov.
|
| 600 |
1 |
7 |
|a Karvaš, Peter,
|d 1920-1999
|t Nočná návšteva
|2 snkbucl
|9 1220285
|
| 650 |
0 |
7 |
|a hra rozhlasová slovenská
|y stor. 20., r. 80.-90.
|2 snkbucl
|9 1220288
|
| 655 |
|
7 |
|a články zo zborníkov
|2 snkbucl
|9 166140
|
| 655 |
|
7 |
|a články z odboru literárna veda a krásna literatúra
|2 snkbucl
|9 770045
|
| 773 |
0 |
|
|t O interpretácii umeleckého textu 14
|d Nitra : Edičné stredisko Pedagogickej fakulty v Nitre, 1992
|g S. 231-246
|z 8085183749
|
| 850 |
|
|
|a Slovenská národná knižnica v Martine
|a MTA001
|
| 852 |
|
|
|a SNK
|b KIS3GCP
|
| 958 |
|
|
|a NB
|
| 958 |
|
|
|a RK
|
| 958 |
|
|
|a LX
|
| 992 |
|
|
|a RZB
|
| 999 |
|
|
|c 2139640
|d 2141570
|